1928 1305 1859 1792 1781 1632 1589 1853 1475 1544 1801 1572 1742 1600 1422 1116 1138 1018 1315 1312 1552 1053 1054 1839 1827 1284 1920 1227 1097 1526 1181 1870 1064 1316 1699 1475 1572 1391 1434 1155 1613 1888 1297 1193 1943 1914 1361 1444 1671 1805 1388 1620 1808 1586 1241 1502 1181 1386 1505 1873 1298 1572 1569 1085 1776 1610 1169 1122 1242 1218 1449 1337 1110 1108 1302 1063 1767 1260 1650 1577 1235 1589 1417 1381 1420 1142 1320 1500 1203 1045 1590 1105 1743 1694 1711 1820 1457 1351 1120 BCNSPRNW ULIB Ver.6.0+V

เปลี่ยนเป็นภาษาไทย

Change to English
 แสดงรายละเอียดบรรณานุกรม
  กลับหน้าหลัก

Brief Record : Get Marc (ISO 2709) : E-mail record : QR code < ปิดหน้าต่าง
LEADER : 00000nam 2200000uu 4500
001    13399124483
003     ULIB
008    020711s2553 th a 000 0 tha d
020    9786167287119
050  4 LB1025.2^bค837
110    โรงพยาบาลจุฬาลงกรณ์.^bฝ่ายกุมารเวชศาสตร์.
245    คู่มือทักษะการสื่อสารสำหรับครู/^cฝ่ายกุมารเวชศาสตร์ โรงพยาบาลจุฬาลงกรณ์
250    พิมพ์ครั้งที่ 2
260    กรุงเทพฯ :^bฝ่ายกุมารเวชศาสตร์ โรงพยาบาลจุฬาลงกรณ์,^c2553
300    104 หน้า;^b19 ซม.
650    ทักษะการสื่อสาร
945    ^p90^l0^i23047
945    ^p90^l0^i23048
945    ^p90^l0^i23049
999    ^aทศพร เกษรทอง
รายการนี้ยังไม่มีแท็ก
คุณยังไม่ได้ล็อกอิน คุณสามารถมีกิจกรรมร่วมกับเว็บไซต์ได้ แต่ต้องล็อกอินก่อน ::
  ล็อกอิน

รายการสื่อสารสนเทศ

ลำดับที่ ประเภท เลขเรียก/บาร์โค้ด สถานที่ สถานะ
1. การศึกษาทั่วไป
การศึกษาทั่วไป
LB1025.2 ค837 ฉ.1 
  Barcode: 23047
ห้องสมุดวิทยาเขตนครสวรรค์
►หนังสือทั่วไป:l:General Books
บนชั้น
2. การศึกษาทั่วไป
การศึกษาทั่วไป
LB1025.2 ค837 ฉ.2 
  Barcode: 23048
ห้องสมุดวิทยาเขตนครสวรรค์
►หนังสือทั่วไป:l:General Books
บนชั้น
3. การศึกษาทั่วไป
การศึกษาทั่วไป
LB1025.2 ค837 ฉ.3 
  Barcode: 23049
ห้องสมุดวิทยาเขตนครสวรรค์
►หนังสือทั่วไป:l:General Books
บนชั้น

รายการใกล้เคียง
    หัวเรื่อง [ทักษะการสื่อสาร]

BibComment


ยังไม่เคยถูกคอมเมนท์

คอมเมนท์ทรัพยากรรายการนี้
  คอมเมนท์: คู่มือทักษะการสื่..


 Copyright 2026. Bcnsprnw @Library